00233nam a2200097Ia 4500008004100000041000800041082001500049100001800064245004400082260000900126240625s9999 xx 000 0 und d aeng a300.72 CHA aCHAWLA DEEPAK aRESEARCH METHODOLOGY CONCEPTS AND CASES c2011